<?xml version="1.0" encoding="UTF-8"?><?xml-stylesheet type="text/xsl" href="static/style.xsl"?><OAI-PMH xmlns="http://www.openarchives.org/OAI/2.0/" xmlns:xsi="http://www.w3.org/2001/XMLSchema-instance" xsi:schemaLocation="http://www.openarchives.org/OAI/2.0/ http://www.openarchives.org/OAI/2.0/OAI-PMH.xsd"><responseDate>2026-04-13T15:19:53Z</responseDate><request verb="GetRecord" identifier="oai:www.recercat.cat:10459.1/467026" metadataPrefix="marc">https://recercat.cat/oai/request</request><GetRecord><record><header><identifier>oai:recercat.cat:10459.1/467026</identifier><datestamp>2024-12-05T22:06:46Z</datestamp><setSpec>com_2072_3622</setSpec><setSpec>col_2072_479130</setSpec></header><metadata><record xmlns="http://www.loc.gov/MARC21/slim" xmlns:dcterms="http://purl.org/dc/terms/" xmlns:xsi="http://www.w3.org/2001/XMLSchema-instance" xmlns:doc="http://www.lyncode.com/xoai" xsi:schemaLocation="http://www.loc.gov/MARC21/slim http://www.loc.gov/standards/marcxml/schema/MARC21slim.xsd">
   <leader>00925njm 22002777a 4500</leader>
   <datafield ind2=" " ind1=" " tag="042">
      <subfield code="a">dc</subfield>
   </datafield>
   <datafield ind2=" " ind1=" " tag="720">
      <subfield code="a">Abdullahi, I.N.</subfield>
      <subfield code="e">author</subfield>
   </datafield>
   <datafield ind2=" " ind1=" " tag="720">
      <subfield code="a">Latorre-Fernández, J.</subfield>
      <subfield code="e">author</subfield>
   </datafield>
   <datafield ind2=" " ind1=" " tag="720">
      <subfield code="a">Reuben, R.C.</subfield>
      <subfield code="e">author</subfield>
   </datafield>
   <datafield ind2=" " ind1=" " tag="720">
      <subfield code="a">Trabelsi, I.</subfield>
      <subfield code="e">author</subfield>
   </datafield>
   <datafield ind2=" " ind1=" " tag="720">
      <subfield code="a">González-Azcona, C.</subfield>
      <subfield code="e">author</subfield>
   </datafield>
   <datafield ind2=" " ind1=" " tag="720">
      <subfield code="a">Arfaoui, A.</subfield>
      <subfield code="e">author</subfield>
   </datafield>
   <datafield ind2=" " ind1=" " tag="720">
      <subfield code="a">Usman, Y.</subfield>
      <subfield code="e">author</subfield>
   </datafield>
   <datafield ind2=" " ind1=" " tag="720">
      <subfield code="a">Lozano, C.</subfield>
      <subfield code="e">author</subfield>
   </datafield>
   <datafield ind2=" " ind1=" " tag="720">
      <subfield code="a">Zarazaga, M.</subfield>
      <subfield code="e">author</subfield>
   </datafield>
   <datafield ind2=" " ind1=" " tag="720">
      <subfield code="a">Torres, C.</subfield>
      <subfield code="e">author</subfield>
   </datafield>
   <datafield ind2=" " ind1=" " tag="260">
      <subfield code="c">2024-12-04T13:10:01Z</subfield>
   </datafield>
   <datafield ind2=" " ind1=" " tag="260">
      <subfield code="c">2024-12-04T13:10:01Z</subfield>
   </datafield>
   <datafield ind2=" " ind1=" " tag="260">
      <subfield code="c">2024-01-01</subfield>
   </datafield>
   <datafield ind2=" " ind1=" " tag="260">
      <subfield code="c">2024-12-04T13:10:00Z</subfield>
   </datafield>
   <datafield ind2=" " ind1=" " tag="520">
      <subfield code="a">Methicillin resistance, mediated by the mecA gene in staphylococci
                    and mammaliicocci, has caused tremendous setbacks in the use of antibiotics in
                    human and veterinary medicine due to its high potential of presenting the
                    multidrug resistance (MDR) phenotype. Three other mec analogs exist, of which
                    the mecC has evolutionary been associated with methicillin-resistant
                    Staphylococcus aureus (MRSA) in wild animals, thus loosely referred to as the
                    wild MRSA. In this study, we present an epidemiological review and genomic
                    analysis of non-aureus staphylococci and mammaliicocci that carry the
                    mecC-mediated methicillin resistance trait and determine whether this trait has
                    any relevant link with the One Health niches. All previous studies (2007 till
                    2023) that described the mecC gene in non-aureus staphylococci and mammaliicocci
                    were obtained from bibliometric databases, reviewed, and systematically analyzed
                    to obtain the antimicrobial resistance (AMR) and virulence determinants,
                    mobilome, and other genetic contents. Moreover, core genome single-nucleotide
                    polymorphism analysis was used to assess the relatedness of these strains. Of
                    the 533 articles analyzed, only 16 studies (on livestock, environmental samples,
                    milk bulk tanks, and wild animals) were eligible for inclusion, of which 17
                    genomes from 6 studies were used for various in silico genetic analyses.
                    Findings from this systematic review show that all mecC-carrying non-aureus
                    staphylococci were resistant to only beta-lactam antibiotics and associated with
                    the classical SCCmec XI of S. aureus LGA251. Similarly, two studies on wild
                    animals reported mecC-carrying Mammaliicoccus stepanovicii associated with
                    SCCmec XI. Nevertheless, most of the mecC-carrying Mammaliicoccus species
                    presented an MDR phenotype (including linezolid) and carried the SCCmec-mecC
                    hybrid associated with mecA. The phylogenetic analysis of the 17 genomes
                    revealed close relatedness (&lt;20 SNPs) and potential transmission of M. sciuri
                    and M. lentus strains in livestock farms in Algeria, Tunisia, and Brazil.
                    Furthermore, closely related M. sciuri strains from Austria, Brazil, and Tunisia
                    (&lt;40 SNPs) were identified. This systematic review enhances our comprehension
                    of the epidemiology and genetic organization of mecC within the non-aureus
                    staphylococci and mammaliicocci. It could be hypothesized that the mecC-carrying
                    non-aureus staphylococci are evolutionarily related to the wild MRSA-mecC. The
                    potential implications of clonal development of a lineage of mecA/mecC carrying
                    strains across multiple dairy farms in a vast geographical region with the
                    dissemination of MDR phenotype is envisaged. It was observed that most
                    mecC-carrying non-aureus staphylococci and mammaliicocci were reported in
                    mastitis cases. Therefore, veterinarians and veterinary microbiology
                    laboratories must remain vigilant regarding the potential existence of mecA/mecC
                    strains originating from mastitis as a potential niche for this resistance
                    trait.</subfield>
   </datafield>
   <datafield ind2=" " ind1=" " tag="520">
      <subfield code="a">This work was supported by the project
                    PID2019-106158RB-I00 of the MCIN/AEI/10.13039/501100011033 of Spain. Also, it
                    received funding from the European Union's H2020 research and innovation program
                    under the Marie Sklodowska-Curie grant agreement N° 801586.</subfield>
   </datafield>
   <datafield ind1="8" ind2=" " tag="024">
      <subfield code="a">http://hdl.handle.net/10459.1/467026</subfield>
   </datafield>
   <datafield tag="653" ind2=" " ind1=" ">
      <subfield code="a">Bovine mastitis</subfield>
   </datafield>
   <datafield tag="653" ind2=" " ind1=" ">
      <subfield code="a">Mammaliicoccus lentus</subfield>
   </datafield>
   <datafield tag="653" ind2=" " ind1=" ">
      <subfield code="a">Mammaliicoccus sciuri</subfield>
   </datafield>
   <datafield tag="653" ind2=" " ind1=" ">
      <subfield code="a">SCCmec-mecC hybrid</subfield>
   </datafield>
   <datafield tag="653" ind2=" " ind1=" ">
      <subfield code="a">Wild MRSA</subfield>
   </datafield>
   <datafield ind2="0" ind1="0" tag="245">
      <subfield code="a">Beyond the Wild MRSA: Genetic Features and Phylogenomic Review of
                    mecC-Mediated Methicillin Resistance in Non-aureus Staphylococci and
                    Mammaliicocci</subfield>
   </datafield>
</record></metadata></record></GetRecord></OAI-PMH>